000 00667 a2200217 4500
003 OSt
005 20180116192344.0
008 120530t xxu||||| |||| 00| 0 eng d
020 _a9789881803368
040 _c0
082 0 4 _a720.9
100 1 _aBorysevicz, Mathieu.
_92700
245 1 0 _aLearning from Hangzhou = Xiang Hangzhou xue xi /
_cMathieu Borysevicz.
260 _aNew York :
_bTimezone 8 Limited ;
_c2009.
300 _a327 p.:
_bill. ;
650 0 _aArchitecture
_92701
650 0 _aCity and town life
_92702
651 0 _aChina
_zHangzhou
_92703
942 _aSADA
_cBK
_k720.9 BOR 2009
_2ddc
999 _c352748
_d352748